[Event "DVM U10 2015"]
[Site "Magdeburg GER"]
[Date "2015.12.28"]
[Round "4"]
[White "Posselt, Marcus"]
[Black "Augustin, Elias"]
[Result "0-1"]
[Termination "normal"]
[Board "19.3"]
[WhiteElo "890"]
[BlackElo "846"]
[WhiteTeam "USV TU Dresden 2"]
[BlackTeam "SC 1994 Oberland"]
[PlyCount "85"]
[BlackFideId "16236963"]
[EventCountry "GER"]
[EventRounds "7"]
[EventType "team-swiss"]
[EventDate "2015.12.27"]

1. e4 e5 2. Nf3 Nc6 3. Bc4 Nf6 4. d3 d5 5. Nc3 dxc4 6. dxc4 Qxd1+ 7. Nxd1 Bg4
8. O-O Bxf3 9. gxf3 Bc5 10. Kh1 O-O-O 11. Rg1 Kb8 12. Rxg7 Rxd1+ 13. Rg1 Rxg1+
14. Kxg1 Rg8+ 15. Kf1 Nd4 16. c3 Nxf3 17. b4 Be7 18. a4 Nh5 19. Ke2 Ng1+ 20.
Kd3 Bg5 21. Bxg5 Rxg5 22. Rd1 Nf4+ 23. Kc2 a6 24. Rd8+ Ka7 25. b5 axb5 26. cxb5
Rh5 27. Rc8 Ne6 28. Re8 Rxh2 29. Kb3 h5 30. Kb4 b6 31. a5 bxa5+ 32. Kxa5 h4 33.
Re7 Rxf2 34. Re8 h3 35. Rh8 h2 36. c4 Ne2 37. Kb4 Ng3 38. c5 h1=Q 39. Rxh1 Nxh1
40. b6+ cxb6 41. cxb6+ Kxb6 42. Kc4 Rd2 43. Kc3 0-1

[Event "DVM U10 2015"]
[Site "Magdeburg GER"]
[Date "2015.12.28"]
[Round "4"]
[White "Dembski, Max"]
[Black "Eilenberg, Jonas"]
[Result "1/2-1/2"]
[Termination "normal"]
[Board "20.1"]
[WhiteElo "1072"]
[BlackElo "1494"]
[WhiteTeam "Stader SV"]
[BlackTeam "Schachpinguine Berlin 1"]
[PlyCount "86"]
[BlackFideId "16204271"]
[EventCountry "GER"]
[EventRounds "7"]
[EventType "team-swiss"]
[EventDate "2015.12.27"]

1. d4 d5 2. Bf4 Nf6 3. e3 Bf5 4. Nf3 e6 5. c4 c6 6. Nc3 Bd6 7. Qb3 b6 8. Ne5
Bxe5 9. Bxe5 O-O 10. g3 Nbd7 11. Bd6 Re8 12. Bg2 Rc8 13. O-O Bd3 14. Rfd1 Bxc4
15. Qc2 Ba6 16. Qa4 Bb7 17. Qxa7 Ba8 18. b4 Nf8 19. Be5 Ng6 20. Bxf6 gxf6 21.
Qa6 Re7 22. Qe2 e5 23. dxe5 fxe5 24. Qh5 Qf8 25. e4 d4 26. Ne2 Ra7 27. Bh3 Rd8
28. Bf5 Qe7 29. f4 Qxb4 30. fxe5 Kh8 31. e6 Nf8 32. exf7 Rd6 33. Bxh7 Qc5 34.
Bf5+ Kg7 35. Nf4 Ra3 36. Kg2 Qc2+ 37. Kh3 Rh6 38. Qxh6+ Kxh6 39. Rxd4 Qb2 40.
Rad1 Rxa2 41. Rd6+ Kg7 42. Rd7 Qxh2+ 43. Kg4 Ra3 {nicht mehr naachvollziehbar}
1/2-1/2

[Event "DVM U10 2015"]
[Site "Magdeburg GER"]
[Date "2015.12.28"]
[Round "4"]
[White "Schenk, Jannik"]
[Black "Fuchs, Thomas"]
[Result "1-0"]
[Termination "normal"]
[Board "20.2"]
[WhiteElo "809"]
[BlackElo "948"]
[WhiteTeam "Schachpinguine Berlin 1"]
[BlackTeam "Stader SV"]
[PlyCount "103"]
[WhiteFideId "16204344"]
[BlackFideId "16230574"]
[EventCountry "GER"]
[EventRounds "7"]
[EventType "team-swiss"]
[EventDate "2015.12.27"]

1. d4 d5 2. c4 e6 3. Nc3 Nf6 4. Bg5 Nbd7 5. cxd5 exd5 6. Nf3 Bb4 7. e3 O-O 8.
Bd3 c6 9. O-O b6 10. e4 dxe4 11. Nxe4 Bb7 12. Qc1 c5 13. Qf4 Bxe4 14. Bxe4 Qe7
15. Ne5 Qe6 16. Bxf6 Nxf6 17. a3 Nxe4 18. Qxe4 Bd2 19. Rad1 Bg5 20. f4 Bf6 21.
Qe3 Rad8 22. dxc5 bxc5 23. Rfe1 Rxd1 24. Rxd1 h6 25. Re1 Re8 26. Kf2 Bxe5 27.
Qxe5 Kf8 28. Re3 Qxe5 29. Rxe5 Rxe5 30. fxe5 Ke7 31. Ke3 Ke6 32. Ke4 f5+ 33.
exf6 gxf6 34. g4 a5 35. h4 Kd6 36. h5 Ke6 37. Kf4 Ke7 38. Kf5 Kf7 39. Ke4 Ke6
40. b3 Kd6 41. Kf5 Kd5 42. Kxf6 c4 43. bxc4+ Kxc4 44. g5 hxg5 45. Kxg5 Kb3 46.
h6 Kxa3 47. h7 Kb3 48. h8=Q a4 49. Qa1 a3 50. Kf4 a2 51. Ke4 Ka3 52. Kd3 1-0

[Event "DVM U10 2015"]
[Site "Magdeburg GER"]
[Date "2015.12.28"]
[Round "4"]
[White "Mainka, Alwin"]
[Black "Gehrke, Gina Celina"]
[Result "0-1"]
[Termination "normal"]
[Board "21.1"]
[WhiteElo "1003"]
[BlackElo "1519"]
[WhiteTeam "DJK Arminia Eilendorf 1919"]
[BlackTeam "SV "Glück auf" Rüdersdorf"]
[PlyCount "46"]
[WhiteFideId "16241177"]
[BlackFideId "16205979"]
[EventCountry "GER"]
[EventRounds "7"]
[EventType "team-swiss"]
[EventDate "2015.12.27"]

1. e4 c5 2. Nf3 g6 3. Bc4 Bg7 4. O-O Nc6 5. Nc3 e6 6. d3 Nge7 7. Be3 d5 8. exd5
exd5 9. Bb5 d4 10. Ne4 dxe3 11. fxe3 Bxb2 12. Rb1 Bg7 13. Bc4 O-O 14. Nfg5 Nd5
15. Qf3 Nxe3 16. Qxe3 Bd4 17. Qxd4 Qxd4+ 18. Kh1 Bf5 19. Ng3 Ne7 20. Rxb7 Rae8
21. Nxf5 Nxf5 22. h3 Qe5 23. Bb3 Qf4 0-1

[Event "DVM U10 2015"]
[Site "Magdeburg GER"]
[Date "2015.12.28"]
[Round "4"]
[White "Petersen, Sophie"]
[Black "Korr, Sören"]
[Result "1/2-1/2"]
[Termination "normal"]
[Board "21.2"]
[WhiteElo "942"]
[BlackElo "887"]
[WhiteTeam "SV "Glück auf" Rüdersdorf"]
[BlackTeam "DJK Arminia Eilendorf 1919"]
[PlyCount "23"]
[WhiteFideId "16229380"]
[BlackFideId "16275241"]
[EventCountry "GER"]
[EventRounds "7"]
[EventType "team-swiss"]
[EventDate "2015.12.27"]

1. e4 e5 2. Nf3 Nc6 3. d4 d6 4. dxe5 Nxe5 5. Nxe5 dxe5 6. Qxd8+ Kxd8 7. Nc3 Bd6
8. Be3 Bb4 9. O-O-O+ Bd6 10. Bc5 Kd7 11. Bxd6 cxd6 12. Nd5 {Rest nicht
nachvollziehbar} 1/2-1/2

[Event "DVM U10 2015"]
[Site "Magdeburg GER"]
[Date "2015.12.28"]
[Round "4"]
[White "Schmidt, Dirk"]
[Black "Möschwitzer, Luis"]
[Result "0-1"]
[Termination "normal"]
[Board "22.1"]
[WhiteElo "973"]
[BlackElo "975"]
[WhiteTeam "SV Empor Erfurt 2"]
[BlackTeam "SG Blau-Weiß Stadtilm 2"]
[PlyCount "82"]
[WhiteFideId "16220544"]
[EventCountry "GER"]
[EventRounds "7"]
[EventType "team-swiss"]
[EventDate "2015.12.27"]

1. e4 e5 2. Nf3 Nc6 3. Bc4 Bc5 4. b4 Bxb4 5. c3 Bc5 6. d4 exd4 7. cxd4 Bb4+ 8.
Bd2 Bxd2+ 9. Qxd2 Nf6 10. e5 Ne4 11. Qe2 d5 12. Bd3 Bf5 13. Nbd2 Nxd2 14. Qxd2
Bg4 15. Be2 Qe7 16. Qf4 Bxf3 17. Bxf3 O-O-O 18. O-O g5 19. Qf5+ Kb8 20. Rab1
Nxd4 21. Qf6 Qxf6 22. exf6 Nxf3+ 23. gxf3 Rd6 24. Rfe1 c6 25. Rb2 Rxf6 26. Reb1
b5 27. a4 a6 28. axb5 axb5 29. Rc2 h5 30. Rbc1 Kb7 31. Re2 Re6 32. Rb2 g4 33.
fxg4 hxg4 34. Kg2 Rh3 35. Rf1 Rf6 36. Rd2 b4 37. Rb2 b3 38. Rd2 Kb6 39. Rb1
Rff3 40. Rdb2 Kb5 41. Rc1 c5 0-1

[Event "DVM U10 2015"]
[Site "Magdeburg GER"]
[Date "2015.12.28"]
[Round "4"]
[White "Tomasini, Marius"]
[Black "Mantu, Gabriel"]
[Result "0-1"]
[Termination "normal"]
[Board "22.2"]
[WhiteElo "836"]
[BlackElo "947"]
[WhiteTeam "SG Blau-Weiß Stadtilm 2"]
[BlackTeam "SV Empor Erfurt 2"]
[PlyCount "46"]
[BlackFideId "16278046"]
[EventCountry "GER"]
[EventRounds "7"]
[EventType "team-swiss"]
[EventDate "2015.12.27"]

1. e4 b6 2. Nf3 Bb7 3. Nc3 e6 4. Bc4 Bb4 5. a3 Bxc3 6. bxc3 Bxe4 7. O-O Nf6 8.
d3 Bb7 9. Bf4 O-O 10. d4 Nc6 11. Bd3 Re8 12. Re1 d6 13. Bg5 h6 14. Bh4 e5 15.
d5 Ne7 16. Bxf6 gxf6 17. Bb5 c6 18. dxc6 Nxc6 19. Qd2 a6 20. Bxc6 Bxc6 21. Qxh6
Re6 22. Ng5 fxg5 23. Qxe6 fxe6 0-1

[Event "DVM U10 2015"]
[Site "Magdeburg GER"]
[Date "2015.12.28"]
[Round "4"]
[White "Runds, Emily Sophie"]
[Black "Kirsch, Martin"]
[Result "1-0"]
[Termination "normal"]
[Board "22.3"]
[WhiteElo "976"]
[BlackElo "816"]
[WhiteTeam "SV Empor Erfurt 2"]
[BlackTeam "SG Blau-Weiß Stadtilm 2"]
[PlyCount "67"]
[WhiteFideId "16235231"]
[BlackFideId "2925630"]
[EventCountry "GER"]
[EventRounds "7"]
[EventType "team-swiss"]
[EventDate "2015.12.27"]

1. e4 e5 2. Nf3 Nc6 3. d4 exd4 4. Nxd4 Nf6 5. Nc3 Bb4 6. Bd2 Nxd4 7. a3 Ba5 8.
b4 Bb6 9. a4 a6 10. Be3 Nc6 11. Bxb6 cxb6 12. Qe2 O-O 13. e5 Ne8 14. Qh5 Nxb4
15. Rc1 g6 16. Qh6 d6 17. Ne4 Bf5 18. Ng5 Qxg5 19. Qxg5 Nxc2+ 20. Kd1 dxe5 21.
Rxc2 Bxc2+ 22. Kxc2 b5 23. axb5 axb5 24. Bxb5 Nd6 25. Qxe5 Nxb5 26. Qxb5 Rfc8+
27. Kd1 Rd8+ 28. Ke2 Ra2+ 29. Ke1 Ra1+ 30. Ke2 Ra2+ 31. Kf3 Ra3+ 32. Ke4 f5+
33. Ke5 Kf8 34. Qb4+ 1-0

[Event "DVM U10 2015"]
[Site "Magdeburg GER"]
[Date "2015.12.28"]
[Round "4"]
[White "Staude, Quentin"]
[Black "Mantu, Valentin"]
[Result "1-0"]
[Termination "normal"]
[Board "22.4"]
[WhiteElo "903"]
[BlackElo "952"]
[WhiteTeam "SG Blau-Weiß Stadtilm 2"]
[BlackTeam "SV Empor Erfurt 2"]
[PlyCount "85"]
[BlackFideId "16278054"]
[EventCountry "GER"]
[EventRounds "7"]
[EventType "team-swiss"]
[EventDate "2015.12.27"]

1. e4 b6 2. d4 Bb7 3. Nc3 c5 4. dxc5 bxc5 5. Bc4 f5 6. f3 fxe4 7. fxe4 Qa5 8.
Bd2 Nf6 9. Nd5 Qd8 10. Nxf6+ exf6 11. Bd5 Nc6 12. Qe2 Qc7 13. O-O-O Qe5 14. Nf3
Qh5 15. Rdg1 g5 16. g4 Qg6 17. h4 O-O-O 18. h5 Qe8 19. Bc3 Bd6 20. Bxf6 Rf8 21.
Bxd8 Nxd8 22. Bxb7+ Nxb7 23. Nxg5 Bf4+ 24. Kb1 Bxg5 25. Rf1 Rxf1+ 26. Rxf1 Bh6
27. Qc4 Na5 28. Qxc5+ Kb8 29. Qd6+ Ka8 30. Qxh6 Qe5 31. Rf8+ Kb7 32. Rf5 Qh2
33. a3 Qh1+ 34. Ka2 Qxe4 35. Rxa5 Qc4+ 36. Kb1 Qf1+ 37. Qc1 Qf3 38. Rb5+ Kc7
39. Rg5 Qf6 40. Rf5 Qh4 41. Qf4+ Kc8 42. Rc5+ Kd8 43. Qf8# 1-0

[Event "DVM U10 2015"]
[Site "Magdeburg GER"]
[Date "2015.12.28"]
[Round "4"]
[White "Fuhrmann, Bahne"]
[Black "Derling, Charlotte"]
[Result "1-0"]
[Termination "normal"]
[Board "23.1"]
[WhiteElo "1131"]
[BlackElo "925"]
[WhiteTeam "Hamburger SK von 1830 4"]
[BlackTeam "SV Roter Turm Halle 2"]
[PlyCount "67"]
[WhiteFideId "16244842"]
[BlackFideId "16222237"]
[EventCountry "GER"]
[EventRounds "7"]
[EventType "team-swiss"]
[EventDate "2015.12.27"]

1. e4 e5 2. Nf3 Nc6 3. Bb5 a6 4. Ba4 Nf6 5. Nc3 Bb4 6. a3 Ba5 7. O-O O-O 8. b4
b5 9. bxa5 bxa4 10. Bb2 d6 11. Nxa4 Nxe4 12. d3 Nf6 13. Qd2 Re8 14. Rfe1 Bg4
15. Ng5 h6 16. Ne4 Nxe4 17. Rxe4 Qh4 18. h3 d5 19. Rxg4 Qf6 20. Bc1 Rad8 21.
Qxh6 Qxh6 22. Bxh6 Re6 23. Bxg7 Rg6 24. Bf6 Rd6 25. Rxg6+ fxg6 26. Bh4 Nxa5 27.
Re1 Nc6 28. Bg3 Re6 29. Nc5 Re7 30. Nxa6 e4 31. Bxc7 exd3 32. Rxe7 Nxe7 33.
cxd3 Nc6 34. Nc5 1-0

[Event "DVM U10 2015"]
[Site "Magdeburg GER"]
[Date "2015.12.28"]
[Round "4"]
[White "Braun, Erik"]
[Black "Gehle, Joshua"]
[Result "0-1"]
[Termination "normal"]
[Board "24.1"]
[WhiteElo "991"]
[BlackElo "910"]
[WhiteTeam "Peiner SV"]
[BlackTeam "SV Bad Schwartau von 1930"]
[PlyCount "54"]
[BlackFideId "16273753"]
[EventCountry "GER"]
[EventRounds "7"]
[EventType "team-swiss"]
[EventDate "2015.12.27"]

1. e4 e5 2. Nf3 Nc6 3. Nc3 Nf6 4. Bb5 Bc5 5. Bxc6 dxc6 6. Nxe5 Qd4 7. O-O Qxe5
8. d3 Bd6 9. g3 Bh3 10. Re1 O-O 11. Bf4 Qd4 12. e5 Ng4 13. Qe2 Bc5 14. Be3 Qxe5
15. Bxc5 Qxc5 16. Rad1 Rae8 17. Qf3 Re6 18. Rd2 Rf6 19. Qe2 Nxf2 20. Qxf2 Rxf2
21. Rxf2 f5 22. Ree2 f4 23. gxf4 Rxf4 24. a3 Qg5+ 25. Kh1 Rxf2 26. Rxf2 Qc1+
27. Rf1 Qxf1# 0-1

[Event "DVM U10 2015"]
[Site "Magdeburg GER"]
[Date "2015.12.28"]
[Round "4"]
[White "Sallandt, Frido"]
[Black "Stein, Luis"]
[Result "0-1"]
[Termination "normal"]
[Board "24.2"]
[WhiteElo "987"]
[BlackElo "943"]
[WhiteTeam "SV Bad Schwartau von 1930"]
[BlackTeam "Peiner SV"]
[PlyCount "85"]
[WhiteFideId "16231767"]
[BlackFideId "16268407"]
[EventCountry "GER"]
[EventRounds "7"]
[EventType "team-swiss"]
[EventDate "2015.12.27"]

1. e4 e5 2. Nf3 Nc6 3. Bc4 h6 4. Nc3 Nf6 5. d3 Bc5 6. Be3 Bxe3 7. fxe3 d6 8. d4
Bd7 9. d5 Nb4 10. O-O Ng4 11. a3 Nxe3 12. Qe2 Nxf1 13. Qxf1 Nxc2 14. Rc1 Ne3
15. Qd3 Nxc4 16. Qxc4 O-O 17. Qb3 b6 18. Rf1 Qf6 19. Qd1 Qg6 20. Nh4 Qg4 21.
Qxg4 Bxg4 22. h3 Bd7 23. Nf5 Bxf5 24. Rxf5 f6 25. Nb5 Rfc8 26. h4 a6 27. Nc3
Kf7 28. h5 Rg8 29. Rf2 g6 30. hxg6+ Rxg6 31. Nd1 b5 32. Ne3 a5 33. Rc2 Rc8 34.
Rc6 a4 35. Nf5 h5 36. Nxd6+ cxd6 37. Rxc8 Rg3 38. Rh8 Rb3 39. Rxh5 Rxb2 40. Rh3
b4 41. axb4 Rxb4 42. Ra3 Rxe4 43. Kf2 0-1

[Event "DVM U10 2015"]
[Site "Magdeburg GER"]
[Date "2015.12.28"]
[Round "4"]
[White "Post, Patrick"]
[Black "Dethloff, Florian"]
[Result "1-0"]
[Termination "normal"]
[Board "24.3"]
[WhiteElo "926"]
[BlackElo "758"]
[WhiteTeam "Peiner SV"]
[BlackTeam "SV Bad Schwartau von 1930"]
[PlyCount "32"]
[EventCountry "GER"]
[EventRounds "7"]
[EventType "team-swiss"]
[EventDate "2015.12.27"]

1. e4 e5 2. Nf3 Nc6 3. Bc4 Bc5 4. Bd5 Nf6 5. d3 d6 6. O-O Bg4 7. h3 Bxf3 8.
Qxf3 O-O 9. Qg3 Nb4 10. Bh6 g6 11. Bxf8 Qxf8 12. Bb3 d5 13. Qxe5 Qg7 14. Qxc7
Ne8 15. Qxc5 Nxc2 16. Bxc2 Qxb2 1-0

[Event "DVM U10 2015"]
[Site "Magdeburg GER"]
[Date "2015.12.28"]
[Round "4"]
[White "Diederich, Greta"]
[Black "Franke, Josef"]
[Result "1/2-1/2"]
[Termination "normal"]
[Board "25.1"]
[WhiteElo "1142"]
[BlackElo "946"]
[WhiteTeam "SV Breitenworbis"]
[BlackTeam "SK Neumarkt"]
[PlyCount "107"]
[WhiteFideId "12988618"]
[EventCountry "GER"]
[EventRounds "7"]
[EventType "team-swiss"]
[EventDate "2015.12.27"]

1. d4 Nc6 2. e3 e5 3. dxe5 d5 4. exd6 cxd6 5. f4 Nf6 6. Bd3 Nd7 7. Nf3 d5 8.
Qe2 Qf6 9. c3 Nc5 10. Nbd2 Bf5 11. Bxf5 Qxf5 12. O-O Bd6 13. Nd4 Qf6 14. Qf3
Ne7 15. Qg4 Qg6 16. Qg5 O-O 17. N2f3 h6 18. Qh4 Nf5 19. Nxf5 Qxf5 20. Nd4 Qe4
21. Qf2 Nd3 22. Qf3 Qxf3 23. Nxf3 Bc5 24. Kh1 Rfe8 25. Rd1 Nf2+ 26. Kg1 Nxd1
27. Bd2 Nxe3 28. Bxe3 Rxe3 29. Kf1 Rxf3+ 30. gxf3 Re8 31. b4 Bd6 32. a4 Bxf4
33. Rd1 Ra8 34. a5 b5 35. axb6 axb6 36. h3 Be5 37. c4 d4 38. c5 b5 39. c6 Rc8
40. f4 Bf6 41. Rc1 g5 42. fxg5 Bxg5 43. Rd1 f5 44. Rxd4 Rxc6 45. Rd5 Rf6 46.
Rd8+ Kg7 47. Rd7+ Kg6 48. Rd5 f4 49. Rxb5 Bh4 50. Rc5 f3 51. Rc4 Bg3 52. Rg4+
Kh5 53. Rxg3 Kh4 54. Kf2 1/2-1/2

[Event "DVM U10 2015"]
[Site "Magdeburg GER"]
[Date "2015.12.28"]
[Round "4"]
[White "Kraus, Jakob"]
[Black "Wehling, Linos"]
[Result "0-1"]
[Termination "normal"]
[Board "25.2"]
[WhiteElo "789"]
[BlackElo "899"]
[WhiteTeam "SK Neumarkt"]
[BlackTeam "SV Breitenworbis"]
[PlyCount "42"]
[EventCountry "GER"]
[EventRounds "7"]
[EventType "team-swiss"]
[EventDate "2015.12.27"]

1. e4 e5 2. Bc4 Nf6 3. Nc3 d6 4. Nf3 Be7 5. d3 h6 6. Be3 Bg4 7. Bb5+ c6 8. h3
Bh5 9. g4 Bg6 10. Nh4 cxb5 11. Nxb5 O-O 12. Qd2 Nfd7 13. O-O-O Bg5 14. Bxg5
Qxg5 15. Qxg5 hxg5 16. Nxg6 fxg6 17. Nc7 Nb6 18. Nxa8 Nxa8 19. h4 gxh4 20. Rxh4
Rxf2 21. Rdh1 {[%tqu "nicht mehr nachvollziehbar","","",Nc6,"",10]} Nc6 0-1

[Event "DVM U10 2015"]
[Site "Magdeburg GER"]
[Date "2015.12.28"]
[Round "4"]
[White "Conradi, Bennet"]
[Black "Schilay, Vinzenz"]
[Result "0-1"]
[Termination "normal"]
[Board "25.3"]
[WhiteElo "863"]
[BlackElo "779"]
[WhiteTeam "SV Breitenworbis"]
[BlackTeam "SK Neumarkt"]
[PlyCount "52"]
[BlackFideId "12983209"]
[EventCountry "GER"]
[EventRounds "7"]
[EventType "team-swiss"]
[EventDate "2015.12.27"]

1. e4 e5 2. Nf3 Nc6 3. Bc4 Nf6 4. Ng5 Qe7 5. Nxf7 Rg8 6. O-O Nxe4 7. d3 Nf6 8.
Bg5 h6 9. Bh4 g5 10. Bg3 d6 11. Nxh6 Bxh6 12. Bxg8 Nxg8 13. Nc3 Nf6 14. Re1 Bg4
15. f3 Be6 16. Qd2 O-O-O 17. Ne4 Nh5 18. Bf2 d5 19. Nc5 d4 20. Nxe6 Qxe6 21. c3
dxc3 22. bxc3 g4 23. Qb2 gxf3 24. Rab1 b6 25. g3 Qh3 26. Qb5 Qg2# 0-1

[Event "DVM U10 2015"]
[Site "Magdeburg GER"]
[Date "2015.12.28"]
[Round "4"]
[White "Kracke, Lukas"]
[Black "Klühs, Gustaf"]
[Result "0-1"]
[Termination "normal"]
[Board "26.1"]
[WhiteElo "784"]
[BlackElo "1129"]
[WhiteTeam "KSV Rochade Göttingen 2"]
[BlackTeam "Sfr.Nord-Ost Berlin 2"]
[PlyCount "84"]
[BlackFideId "16228936"]
[EventCountry "GER"]
[EventRounds "7"]
[EventType "team-swiss"]
[EventDate "2015.12.27"]

1. e4 c5 2. Nf3 Nc6 3. d4 cxd4 4. Nxd4 Nf6 5. Nxc6 bxc6 6. Nc3 g6 7. e5 Ng8 8.
b3 Bg7 9. Bb2 Bxe5 10. Qd3 Bg7 11. Qf3 Nf6 12. Ne4 Bb7 13. Qf4 d5 14. Nxf6+
Bxf6 15. Bxf6 exf6 16. Qe3+ Qe7 17. Qxe7+ Kxe7 18. O-O-O Rhe8 19. Bd3 Kf8 20.
h4 h5 21. f3 f5 22. g4 fxg4 23. fxg4 hxg4 24. Rhg1 f5 25. Rgf1 Ke7 26. h5 gxh5
27. Rxf5 Ba6 28. Rf2 Kd6 29. Bg6 Re2 30. Rf6+ Re6 31. Rf5 Rxg6 32. Rxh5 Rf8 33.
Rh7 Rf1 34. Rxf1 Bxf1 35. Rxa7 g3 36. b4 g2 37. c4 Bxc4 38. b5 g1=Q+ 39. Kc2
Qxa7 40. bxc6 Rg3 41. c7 Qf2+ 42. Kd1 Rg1# 0-1

[Event "DVM U10 2015"]
[Site "Magdeburg GER"]
[Date "2015.12.28"]
[Round "4"]
[White "Lesser, Luan"]
[Black "Söhlke, Arno"]
[Result "1-0"]
[Termination "normal"]
[Board "26.3"]
[WhiteElo "800"]
[BlackElo "901"]
[WhiteTeam "KSV Rochade Göttingen 2"]
[BlackTeam "Sfr.Nord-Ost Berlin 2"]
[PlyCount "29"]
[WhiteFideId "34640150"]
[EventCountry "GER"]
[EventRounds "7"]
[EventType "team-swiss"]
[EventDate "2015.12.27"]

1. e4 b6 2. d4 d5 3. f3 Nf6 4. Nc3 e6 5. e5 Nfd7 6. Nh3 Bb4 7. Bg5 f6 8. Bf4
fxe5 9. dxe5 Qe7 10. Qe2 Bxc3+ 11. bxc3 Qa3 12. Bd2 Qa4 13. Ng5 Nxe5 14. Be3
Qa5 15. Qd2 {nicht mehr nachvollziehbar} 1-0

[Event "DVM U10 2015"]
[Site "Magdeburg GER"]
[Date "2015.12.28"]
[Round "5"]
[White "Hommer, Jeremy"]
[Black "Weihrauch, Jakob"]
[Result "0-1"]
[Termination "normal"]
[Board "1.1"]
[WhiteElo "1679"]
[BlackElo "1732"]
[WhiteClock "00:10:57"]
[BlackClock "00:21:34"]
[WhiteTeam "SC Turm Lüneburg"]
[BlackTeam "Hamburger SK von 1830 1"]
[PlyCount "60"]
[WhiteFideId "12992577"]
[BlackFideId "16210115"]
[EventCountry "GER"]
[EventRounds "7"]
[EventType "team-swiss"]
[EventDate "2015.12.27"]

1. g3 {[%clk 0:59:53]} d5 {[%clk 0:59:17]} 2. Bg2 {[%clk 0:59:43]} c5 {[%clk
0:58:56]} 3. c4 {[%clk 0:59:08]} Nf6 {[%clk 0:58:32]} 4. cxd5 {[%clk 0:57:15]}
Nxd5 {[%clk 0:58:23]} 5. Nc3 {[%clk 0:57:10]} Nb6 {[%clk 0:57:27]} 6. Nf3
{[%clk 0:56:15]} Nc6 {[%clk 0:57:16]} 7. O-O {[%clk 0:55:48]} e6 {[%clk
0:56:46]} 8. d3 {[%clk 0:54:49]} Be7 {[%clk 0:56:24]} 9. Be3 {[%clk 0:53:04]}
Nd5 {[%clk 0:54:59]} 10. Bd2 {[%clk 0:49:55]} O-O {[%clk 0:53:18]} 11. Rc1
{[%clk 0:49:37]} Bd7 {[%clk 0:52:39]} 12. Ne4 {[%clk 0:47:00]} b6 {[%clk
0:51:42]} 13. Bc3 {[%clk 0:45:22]} Rc8 {[%clk 0:49:48]} 14. b3 {[%clk 0:37:21]}
b5 {[%clk 0:46:57]} 15. Bb2 {[%clk 0:36:00]} Qb6 {[%clk 0:46:06]} 16. d4 {[%clk
0:31:21]} c4 {[%clk 0:44:49]} 17. e3 {[%clk 0:29:49]} Ncb4 {[%clk 0:43:03]} 18.
Ba3 {[%clk 0:26:37]} Nd3 {[%clk 0:39:31]} 19. Bxe7 {[%clk 0:25:32]} Nxe7 {[%clk
0:39:25]} 20. Rb1 {[%clk 0:24:12]} Qa6 {[%clk 0:38:09]} 21. bxc4 {[%clk
0:22:50]} bxc4 {[%clk 0:37:58]} 22. Ne5 {[%clk 0:22:23]} Nxe5 {[%clk 0:36:03]}
23. dxe5 {[%clk 0:21:53]} Ba4 {[%clk 0:33:24]} 24. Qe2 {[%clk 0:20:10]} Bc6
{[%clk 0:29:17]} 25. Rfc1 {[%clk 0:18:27]} Bd5 {[%clk 0:28:08]} 26. Nd6 {[%clk
0:17:36]} Rc7 {[%clk 0:25:15]} 27. Rc3 {[%clk 0:15:33]} Bxg2 {[%clk 0:24:35]}
28. Kxg2 {[%clk 0:15:19]} Nd5 {[%clk 0:24:01]} 29. Rxc4 {[%clk 0:14:33]} Nc3
{[%clk 0:23:05]} 30. Qf1 {[%clk 0:10:57]} Rxc4 {[%clk 0:21:34]} 0-1

[Event "DVM U10 2015"]
[Site "Magdeburg GER"]
[Date "2015.12.28"]
[Round "5"]
[White "Huo, Da"]
[Black "Wusterack, Paul"]
[Result "1-0"]
[Termination "normal"]
[Board "1.2"]
[WhiteElo "1320"]
[BlackElo "990"]
[WhiteClock "00:23:07"]
[BlackClock "00:14:23"]
[WhiteTeam "Hamburger SK von 1830 1"]
[BlackTeam "SC Turm Lüneburg"]
[PlyCount "51"]
[WhiteFideId "16221206"]
[BlackFideId "16255356"]
[EventCountry "GER"]
[EventRounds "7"]
[EventType "team-swiss"]
[EventDate "2015.12.27"]

1. e4 {[%clk 0:59:59]} e5 {[%clk 0:59:51]} 2. Nf3 {[%clk 0:59:53]} Nc6 {[%clk
0:59:39]} 3. Bc4 {[%clk 0:59:37]} Bc5 {[%clk 0:59:23]} 4. c3 {[%clk 0:59:23]}
Nf6 {[%clk 0:58:44]} 5. d3 {[%clk 0:59:14]} O-O {[%clk 0:57:47]} 6. O-O {[%clk
0:58:57]} h6 {[%clk 0:57:30]} 7. b4 {[%clk 0:58:46]} Be7 {[%clk 0:56:50]} 8.
Nbd2 {[%clk 0:57:08]} d6 {[%clk 0:55:20]} 9. Bb2 {[%clk 0:56:57]} Bg4 {[%clk
0:53:34]} 10. h3 {[%clk 0:56:48]} Bh5 {[%clk 0:52:36]} 11. Qc2 {[%clk 0:55:58]}
a6 {[%clk 0:50:57]} 12. a4 {[%clk 0:55:05]} Rb8 {[%clk 0:45:49]} 13. Rfe1
{[%clk 0:54:07]} b5 {[%clk 0:44:28]} 14. axb5 {[%clk 0:54:01]} axb5 {[%clk
0:44:13]} 15. Bd5 {[%clk 0:52:12]} Qd7 {[%clk 0:42:09]} 16. Bb3 {[%clk
0:52:01]} Ra8 {[%clk 0:39:26]} 17. Ra2 {[%clk 0:51:29]} Rxa2 {[%clk 0:38:15]}
18. Bxa2 {[%clk 0:50:33]} Ra8 {[%clk 0:37:28]} 19. Ra1 {[%clk 0:50:10]} Kf8
{[%clk 0:35:27]} 20. Bb3 {[%clk 0:48:19]} Rxa1+ {[%clk 0:33:18]} 21. Bxa1
{[%clk 0:47:41]} d5 {[%clk 0:30:15]} 22. Bb2 {[%clk 0:34:33]} dxe4 {[%clk
0:26:39]} 23. dxe4 {[%clk 0:32:09]} Nd8 {[%clk 0:23:09]} 24. Nxe5 {[%clk
0:24:49]} Qd6 {[%clk 0:19:30]} 25. Nef3 {[%clk 0:23:17]} c5 {[%clk 0:14:23]}
26. e5 {[%clk 0:23:07]} 1-0

[Event "DVM U10 2015"]
[Site "Magdeburg GER"]
[Date "2015.12.28"]
[Round "5"]
[White "Bölke, Roman"]
[Black "Bildat, Emilia"]
[Result "1-0"]
[Termination "normal"]
[Board "1.4"]
[WhiteElo "1051"]
[BlackElo "981"]
[WhiteTeam "Hamburger SK von 1830 1"]
[BlackTeam "SC Turm Lüneburg"]
[PlyCount "59"]
[BlackFideId "16218140"]
[EventCountry "GER"]
[EventRounds "7"]
[EventType "team-swiss"]
[EventDate "2015.12.27"]

1. e4 e5 2. Nf3 Nc6 3. Bb5 d6 4. Nc3 Bd7 5. O-O Nf6 6. d3 Be7 7. Bg5 O-O 8. h3
h6 9. Bh4 a6 10. Ba4 Be6 11. Ne2 d5 12. Bxc6 bxc6 13. Nxe5 Qd6 14. Nf3 Rad8 15.
e5 Qd7 16. exf6 Bxf6 17. Bxf6 gxf6 18. Ned4 Kg7 19. Nh4 Rg8 20. Qf3 Kf8 21.
Nxe6+ Qxe6 22. Kh1 Rg5 23. Rfe1 Qd7 24. Qxf6 Rg8 25. Qxh6+ Rg7 26. g4 Kg8 27.
Re5 Rh7 28. Rg5+ Kh8 29. Qf6+ Rg7 30. Qxg7# 1-0